[Event "BAN-chT Golden Jubilee 2021-22"]
[Site "Dhaka"]
[Date "2022.03.11"]
[Round "2.1"]
[White "Murshed, Niaz"]
[Black "Abu Sufian, Shakil"]
[Result "1-0"]
[WhiteElo "2418"]
[BlackElo "2232"]
[Annotator "ChessBase"]
[PlyCount "129"]
[EventDate "2022.03.10"]
[EventType "team-tourn"]
[EventCountry "BAN"]
[SourceTitle "playchess.com"]
[Source "ChessBase"]
[SourceQuality "1"]
[TimeControl "40/5400+30:1800+30"]

1. c4 {[%emt 0:00:06]} Nf6 {[%emt 0:00:35]} 2. Nc3 {[%emt 0:00:13]} e6 {[%emt 0:00:29]} 3. d4 {[%emt 0:03:22]} Bb4 {[%emt 0:02:45]} 4. Nf3 {[%emt 0:00:54]} d5 {[%emt 1:28:41]} 5. Qa4+ {[%emt 0:02:35]} Nc6 {[%emt 0:00:00]} 6. e3 {[%emt 0:00:04]} O-O {[%emt 0:00:00]} 7. Bd2 {[%emt 0:00:47]} dxc4 {[%emt 0:00:00]} 8. Bxc4 {[%emt 0:00:26]} Bd6 {[%emt 0:00:00]} 9. Qc2 {[%emt 1:26:33]} e5 {[%emt 0:00:00]} 10. d5 {[%emt 0:00:00]} Ne7 {[%emt 0:00:00]} 11. e4 {[%emt 0:00:00]} Bg4 {[%emt 0:00:00]} 12. Be2 {[%emt 0:00:00]} c6 {[%emt 0:00:00]} 13. h3 {[%emt 0:00:00]} Bh5 {[%emt 0:00:00]} 14. Bg5 {[%emt 0:00:00]} cxd5 {[%emt 0:00:00]} 15. exd5 {[%emt 0:00:00]} Qa5 {[%emt 0:00:00]} 16. Bxf6 {[%emt 0:00:00]} gxf6 {[%emt 0:00:00]} 17. O-O {[%emt 0:04:00]} Bg6 {[%emt 0:00:00]} 18. Qb3 {[%emt 0:00:00]} Qb4 {[%emt 0:00:00]} 19. Bc4 {[%emt 0:00:00]} Rac8 {[%emt 0:00:00]} 20. Nd2 {[%emt 0:01:30]} Rfd8 {[%emt 0:00:00]} 21. a3 {[%emt 0:00:00]} Qxb3 {[%emt 0:00:00]} 22. Bxb3 {[%emt 0:00:00]} Nf5 {[%emt 0:00:00]} 23. Nde4 {[%emt 0:00:00]} Nd4 {[%emt 0:00:00]} 24. Bd1 {[%emt 0:00:00]} f5 {[%emt 0:00:00]} 25. Nxd6 {[%emt 0:00:00]} Rxd6 {[%emt 0:00:00]} 26. f4 {[%emt 0:00:00]} f6 {[%emt 0:00:00]} 27. Re1 {[%emt 0:00:00]} Re8 {[%emt 0:11:30]} 28. Ba4 {[%emt 0:00:00]} Re7 {[%emt 0:00:00]} 29. Rad1 {[%emt 0:00:00]} Kf8 {[%emt 0:00:00]} 30. Rd3 {[%emt 0:05:00]} Bf7 {[%emt 0:00:00]} 31. Rde3 {[%emt 0:00:00]} Bxd5 {[%emt 0:00:00]} 32. fxe5 {[%emt 0:00:00]} fxe5 {[%emt 0:00:00]} 33. Rxe5 {[%emt 0:00:00]} Rxe5 {[%emt 0:00:00]} 34. Rxe5 {[%emt 0:00:00]} Be6 {[%emt 0:00:00]} 35. Kf2 {[%emt 0:00:00]} Kf7 {[%emt 0:00:00]} 36. Rc5 {[%emt 0:00:00]} Nc6 {[%emt 0:04:30]} 37. Ke3 {[%emt 0:00:00]} Bd7 {[%emt 0:00:30]} 38. Bb3+ {[%emt 0:01:05]} Ke8 {[%emt 0:00:30]} 39. Nb5 {[%emt 0:01:17]} Rg6 {[%emt 0:00:00]} 40. Bd5 {[%emt 0:00:00]} b6 {[%emt 0:01:00]} 41. Rc2 {[%emt 0:04:58]} Ne7 {[%emt 0:00:00]} 42. Nc7+ {[%emt 0:00:23]} Kd8 {[%emt 0:31:00]} 43. Bf3 {[%emt 0:00:08]} Nc6 {[%emt 0:00:00]} 44. Nb5 {[%emt 0:09:00]} Re6+ {[%emt 0:00:00]} 45. Kf4 {[%emt 0:02:53]} a6 {[%emt 0:00:00]} 46. Bxc6 {[%emt 0:05:11]} Rxc6 {[%emt 0:00:00]} 47. Nd4 {[%emt 0:00:22]} Rf6 {[%emt 0:00:00]} 48. Ke5 {[%emt 0:00:48]} Rf8 {[%emt 0:00:00]} 49. Ne6+ {[%emt 0:02:20]} Bxe6 {[%emt 0:00:00]} 50. Kxe6 {[%emt 0:00:03]} f4 {[%emt 0:00:00]} 51. Rf2 {[%emt 0:00:21]} Kc7 {[%emt 0:00:00]} 52. Ke5 {[%emt 0:01:15]} Kc6 {[%emt 0:05:00]} 53. Ke4 {[%emt 0:00:56]} Kc5 {[%emt 0:00:00]} 54. Rxf4 {[%emt 0:11:00]} Rxf4+ {[%emt 0:00:00]} 55. Kxf4 {[%emt 0:00:00]} Kc4 {[%emt 0:01:30]} 56. g4 {[%emt 0:00:00]} Kb3 {[%emt 0:00:00]} 57. g5 {[%emt 0:00:00]} Kxb2 {[%emt 0:00:00]} 58. h4 {[%emt 0:00:00]} Kxa3 {[%emt 0:00:00]} 59. h5 {[%emt 0:00:00]} b5 {[%emt 0:00:00]} 60. g6 {[%emt 0:00:00]} hxg6 {[%emt 0:00:00]} 61. h6 {[%emt 0:00:00]} b4 {[%emt 0:00:00]} 62. h7 {[%emt 0:00:00]} b3 {[%emt 0:00:00]} 63. h8=Q {[%emt 0:00:00]} b2 {[%emt 0:00:00]} 64. Qc3+ {[%emt 0:00:00]} Ka2 {[%emt 0:00:00]} 65. Qc4+ {[%emt 0:00:00]} 1-0

[Event "BAN-chT Golden Jubilee 2021-22"]
[Site "Dhaka"]
[Date "2022.03.11"]
[Round "2.2"]
[White "Zia, Tahsin Tajwar"]
[Black "Idani, Pouya"]
[Result "1/2-1/2"]
[WhiteElo "2283"]
[BlackElo "2621"]
[Annotator "TA"]
[PlyCount "95"]
[EventDate "2022.03.10"]
[EventType "team-tourn"]
[EventCountry "BAN"]
[SourceTitle "playchess.com"]
[Source "ChessBase"]
[SourceQuality "1"]

{[%evp 18,95,25,29,29,15,22,30,24,17,18,19,18,8,15,4,21,-13,9,0,0,0,11,11,51,33,17,-35,-34,-33,-21,-37,41,46,36,45,52,50,37,24,21,27,21,25,50,62,66,64,48,71,79,36,36,39,34,57,51,3,4,0,0,0,0,0,0,0,0,0,0,0,0,0,0,0,0,0,0,0,0,0]} 1. d4 Nf6 2. c4 c5 3. d5 e6 4. Nc3 exd5 5. cxd5 d6 6. g3 g6 7. Bg2 Bg7 8. Nf3 O-O 9. O-O Re8 10. Bf4 h6 {10...Bf5 is becoming the main line. A62: Modern Benoni: Fianchetto Variation without early ...Nbd7.} 11. Qc1 g5 12. Bd2 Bf5 {White has an edge.} 13. h4 g4 14. Ne1 Kh7 15. Nc2 Bg6 16. Ne3 {[%cal Oh4h5]} Nbd7 17. Nc4 (17. h5 {keeps more tension.} Nxh5 18. Nxg4 f5 19. Nh2 Rb8 20. Nf3) 17... Nb6 18. Nxb6 Qxb6 {[#]} 19. a4 $146 ({Predecessor:} 19. Re1 Nd7 20. Bf4 Ne5 21. Bxe5 Rxe5 22. Qd2 Rae8 23. e3 Qb4 24. Rad1 R5e7 25. Qc1 {½-½ (96) Li,X (2195)-Lei,T (2530) Tianjin 2018}) 19... Nd7 20. Bf4 a6 21. Re1 Qc7 22. Kh2 (22. a5 $11) 22... c4 $15 23. h5 Bxh5 {next ...Nc5 is good for Black.} 24. Ne4 Ne5 (24... Bf8 $15) 25. Rh1 $1 $14 Bg6 {[#]} 26. Bxh6 $1 {[%cal Oc1f4] And now Qf4! would win.} Rh8 $1 (26... Bxh6 {leads to mate.} 27. Kg1) 27. Kg1 Kg8 $1 28. Qg5 {Threatens to win with Bxg7.} Bxh6 29. Rxh6 Rxh6 30. Qxh6 {[%cal Re4f6] [#]} Qe7 {To avoid Nf6+} 31. a5 f5 32. Nd2 {[%cal Od2c4] aiming for Nxc4! White is more active.} Rc8 33. Rc1 Qe8 34. Qf4 (34. Rc3 $16) 34... Qb5 {[%csl LRa5,LRb2][%cal Oc4c3]} 35. b3 {[%cal Rd2c4]} (35. Qg5 {feels hotter.} Kg7 36. b3 Qxa5 37. Nxc4 Qc7 38. Rc2) 35... c3 36. Nc4 Nxc4 37. bxc4 (37. Rxc3 $14 Qxa5 38. Rxc4 Rxc4 39. Qxc4 (39. bxc4 Qa1+ 40. Bf1 Qe5 $11)) 37... Qb2 $1 $11 {[%cal Oc8c4] Strongly threatening ...Rxc4! The position is equal.} 38. Rf1 Qxe2 39. Qxd6 Bf7 40. Qd7 Rxc4 41. Qxf5 c2 42. Qg5+ Kh7 {[%cal Oe2f1]} 43. d6 {Hoping for d7.} Qe6 ({Resist} 43... Qxf1+ 44. Bxf1 c1=Q 45. Qf6 $18) 44. Qd2 {Really sharp!} Qh6 $1 45. Qd3+ Qg6 46. Qd2 {d7 is the strong threat.} Qh6 47. Qd3+ Qg6 48. Qd2 {Weighted Error Value: White=0.08 (flawless) /Black=0.07 (flawless)} 1/2-1/2

[Event "BAN-chT Golden Jubilee 2021-22"]
[Site "Dhaka"]
[Date "2022.03.11"]
[Round "2.3"]
[White "Mchedlishvili, Mikheil"]
[Black "Puranik, Abhimanyu"]
[Result "0-1"]
[WhiteElo "2587"]
[BlackElo "2618"]
[Annotator "TA"]
[PlyCount "92"]
[EventDate "2022.03.10"]
[EventType "team-tourn"]
[EventCountry "BAN"]
[SourceTitle "playchess.com"]
[Source "ChessBase"]
[SourceQuality "1"]

{[%evp 16,92,8,6,16,8,4,5,6,12,7,7,13,0,0,0,2,0,16,3,16,0,16,13,13,14,18,24,25,36,14,12,14,19,22,-16,40,44,29,18,337,120,108,14,70,0,0,0,0,0,6,0,0,0,0,0,27,-39,-31,-266,-129,-569,-472,-691,-677,-657,-625,-630,-636,-592,-550,-560,-364,-943,-940,-1202,-1184,-880,-822]} 1. d4 Nf6 2. Nf3 g6 3. Nbd2 c5 4. dxc5 Qa5 5. a3 Qxc5 6. b4 Qc7 7. Bb2 Bg7 8. e3 O-O 9. c4 d6 {A48: 1 d4 Nf6 2 Nf3 g6: Torre, London and Colle Systems.} 10. Bd3 b6 11. O-O Bb7 {The position is equal.} 12. Qb3 Nbd7 13. Rac1 Rac8 {[#]} 14. e4 $146 ({Predecessor:} 14. Rfe1 Qb8 15. Bf1 Rfe8 16. h3 a6 17. Nh2 Bc6 18. Nhf3 Bb7 19. Nb1 Red8 20. Red1 {½-½ (40) Steiger,W (2467)-Biedermann,T (2450) ICCF email 2018}) 14... Qb8 15. Rfe1 Rfd8 16. Rcd1 Qa8 17. h3 (17. c5 bxc5 18. Bb5 (18. Ng5 e6 $11) 18... Nb6 $15) 17... a6 18. Bb1 (18. c5 bxc5 19. Ng5 e6 $15) 18... Bh6 19. h4 Bg7 20. Ng5 {[%cal Oc4c5] c5! is the strong threat.} Rf8 $1 21. Ba2 {[%cal Oc4c5]} h6 {[#]} 22. Nxf7 Rxf7 (22... Kxf7 $2 23. c5+ d5 24. e5 Nxe5 25. Rxe5 $18) 23. c5 $1 Rcf8 {[%cal Bc8f8,Bf8f7,Bf7e7][%mdl 32]} 24. cxd6 exd6 {Strongly threatening ...Kh7.} 25. Qg3 (25. Qd3 $5 {[%cal Rd3d6]}) 25... Kh7 (25... d5 $11 26. Qxg6 Re7) 26. Bxf7 $14 Rxf7 27. Qxd6 Qe8 $2 {[%mdl 8192]} (27... Nxe4 $2 28. Nxe4 Bxb2 29. Qe6 $18) (27... Qd8 $1 $11 {and Black stays safe.}) 28. f3 $2 (28. e5 $1 $18 {[%cal Re5f6] is the precise move to win.} Nd5 29. e6 $1 Bxb2 30. exf7 Qxf7 31. Nc4) 28... Re7 29. Ba1 (29. Nc4 $1 $16) 29... Ne5 (29... Qf7 $1 $11) 30. Qxb6 (30. Bxe5 $14 Rxe5 31. Qxb6) 30... Nh5 $1 $11 31. Bxe5 Bxe5 32. Nc4 Bg3 {[%csl LRe1,LRh4]} 33. Re2 Qf7 34. Qc5 Qf6 35. Red2 $1 {[%cal Oc5e7]} (35. Kf1 $2 Bc6 36. Nd6 Qxh4 $1 $19) 35... Bc6 (35... Qxh4 $2 36. Qxe7+ $1 Qxe7 37. Rd7 $18) (35... Ng7 $5 {[%cal Rb7e4]}) 36. Ne3 ({White should try} 36. e5 $1 $11 Bxe5 37. Nxe5 Rxe5 38. Qd6) 36... Qxh4 $40 {[%mdl 128] White needs to defend precisely.} 37. Ng4 {[#] Inhibits Qh2+.} (37. Qxc6 $2 Qh2+ 38. Kf1 Qh1+ 39. Ke2 Nf4#) ({Only move:} 37. Nf1 $1 $15 Bb8 38. Qxc6 Ba7+ 39. Rd4) 37... Ba4 {The board is on fire.} (37... Bb8 $1 $19 {[%cal Rb8a7]} 38. Qxc6 Ba7+ 39. Qc5 (39. Nf2 $2 Ng3 $19) 39... Nf4) 38. Rc1 $2 {[%mdl 8192]} (38. Rd8 $17 {is more resistant.} Bxd1 39. Qc8) 38... Bb8 {[%cal Bg3b8,Bb8a7,Ba7e3][%mdl 32] White must now prevent ...Ba7.} 39. Qa5 (39. Qc8 $142 Ba7+ 40. Nf2) 39... Ba7+ $19 40. Nf2 {[#]} Be3 $1 {[%cal Oh5g3] ( -> ...Ng3!)} 41. Rc7 Bxd2 {This bishop pair is nice.} 42. Rxe7+ Qxe7 43. Qxa4 Qa7 {aiming for ...Be3.} 44. Qb3 (44. Qc2 Be3 45. g4) 44... Be3 {Black is clearly winning.} 45. Qb2 Ng3 46. Qc2 h5 {What a bad dream for White.  Weighted Error Value: White=0.65/Black=0.30} 0-1

[Event "BAN-chT Golden Jubilee 2021-22"]
[Site "Dhaka"]
[Date "2022.03.11"]
[Round "2.4"]
[White "Mitrabha, Guha"]
[Black "Reefat, Bin-Sattar"]
[Result "1-0"]
[WhiteElo "2510"]
[BlackElo "2371"]
[Annotator "TA"]
[PlyCount "125"]
[EventDate "2022.03.10"]
[EventType "team-tourn"]
[EventCountry "BAN"]
[SourceTitle "playchess.com"]
[Source "ChessBase"]
[SourceQuality "1"]

{[%evp 9,125,12,29,8,26,8,15,0,30,35,45,44,39,30,43,-22,-24,-19,-5,-47,-57,-52,-27,-23,-31,-60,-37,-57,-62,-60,-28,-18,0,0,0,0,3,3,149,37,22,7,111,100,228,122,206,107,129,103,101,105,111,92,86,84,177,125,138,122,116,114,104,99,100,114,98,0,8,25,25,20,22,0,176,-83,-94,-307,-336,-335,-321,-317,-292,-250,0,-782,-804,-795,-786,-776,-768,-714,-731,-720,-653,-1075,-1062,-1014,-610,-610,-29,-86,-91,-89,-90,-77,-29,-29,-30,-29,0,0,0,0,0,0,104,110]} 1. d4 d5 2. Nf3 Nf6 3. c4 c6 4. g3 dxc4 5. Bg2 Nbd7 6. a4 {[%mdl 1024] White has compensation. D11: Slav Defence: 3 Nf3 sidelines and 3...Nf6 4 e3 Bg4.} a5 7. Na3 Nb6 8. Qc2 {The position is equal.} g6 9. e4 {To avoid Bf5} Bg7 {[%cal Oe7e5]} 10. O-O O-O 11. h3 {[#]} Bd7 $146 ({Predecessor:} 11... Nfd7 12. Rd1 Qc7 13. Bg5 e5 14. d5 cxd5 15. exd5 Qc5 16. Nd2 f5 17. Ndxc4 Nxc4 18. Qxc4 {1-0 (30) Tkachiev,V (2632)-Svetushkin,D (2588) Calvi 2013}) 12. Rd1 (12. Be3 $1 $14) 12... Qc8 $11 13. Kh2 c5 14. Nb5 (14. Nb1 $1 $11 {feels stronger.}) 14... Bxb5 $15 15. axb5 cxd4 16. Nxd4 Nfd7 17. Be3 Qc7 18. f4 e5 19. Ne2 Nc5 20. Nc3 Nd3 {[%cal Re5f4] Inhibits Qf2.} 21. f5 Rfd8 22. Bf1 gxf5 23. exf5 Nb4 (23... e4 $1 $11) 24. Qf2 (24. Qe4 $16) 24... N6d5 $14 25. b6 Qe7 (25... Qc8 $1 $11 26. Nxd5 Nxd5) 26. Bc5 $1 $16 Qe8 (26... Qf6 $16 {was necessary.}) 27. Bxc4 ({White must play} 27. Bxb4 $18 Nxb4 28. f6) 27... Nf6 (27... Qc6 $16) 28. g4 (28. Bb5 $18 Nc6 29. Bd6) 28... e4 29. g5 $1 {White is much more active.} Qe5+ 30. Kh1 Nh5 31. f6 Bf8 32. Bxf8 (32. Rxd8 $6 Rxd8 33. Bxf8 (33. Rxa5 Nd3 $19) 33... Nd3 $14) 32... Kxf8 (32... Rxd1+ $16 33. Rxd1 Rxf8) 33. Qh4 (33. Ne2 $1 $18 {Strongly threatening Qh4.} Nd3 34. Qh4) 33... Ng3+ 34. Kg1 Nf5 35. Qh5 {[%csl Gc4][%cal Rh5f7]} (35. Qxh7 $6 Qg3+ 36. Kh1 Qf3+ 37. Kg1 Qe3+ 38. Kg2 (38. Kh2 $2 Qf2+ 39. Kh1 Ng3#) 38... Qg3+ 39. Kh1 Qf3+ 40. Kg1 Qg3+ 41. Kh1 $11) 35... Qg3+ (35... Qc5+ $2 36. Kg2 Ne3+ 37. Kh1 Nxc4 38. Qxh7 Qxg5 39. Rg1 Qxf6 40. Raf1 $18) 36. Kh1 {[%csl Gc4][%cal Rh5f7] The board is on fire.} Qf3+ (36... Rxd1+ $2 37. Rxd1 Qf3+ 38. Qxf3 exf3 39. Rd7 $18) 37. Qxf3 exf3 38. Nd5 {Inhibits Ne3.} ({White should play} 38. Rxd8+ $16 Rxd8 39. Rxa5) 38... Nc2 $132 {[%mdl 2048] Black is not holding back} (38... Rac8 39. Nxb4 Rxd1+ 40. Rxd1 $16) 39. Rac1 Ncd4 40. Nc7 Rac8 41. Kg1 {And now Kf2 would win.} (41. Rc3 $5 {[%cal Rc4d5]}) 41... Rd6 $2 (41... Ne2+ $1 $11 {and Black is okay.} 42. Bxe2 fxe2) 42. Bd3 $2 (42. Nb5 $1 $18 {[%cal Rb5d6]} Nxb5 43. Bxb5) 42... Rcd8 $17 {...Ne2+ is the strong threat.} 43. Kf2 {To avoid Ne2} (43. Rc5 $17) 43... Nc6 $19 {Pair of Knights!} 44. Na6 Rxd3 45. Rxd3 Rxd3 46. Rxc6 {[%mdl 4096] Endgame Rc8+ would kill now. KRN-KRN} Nd6 {Inhibits Rc8+.} (46... bxc6 47. b7 Rd2+ 48. Kxf3 Rxb2 49. b8=Q+ Rxb8 50. Nxb8) (46... Rd2+ $1 $19 47. Kxf3 bxc6) 47. Rc7 $2 {[%mdl 8192]} (47. Rc1 $11 Rd2+ 48. Kxf3 Rxb2 49. Nc5) 47... Ne4+ ({Less strong is} 47... bxa6 48. Rc8+ $3 {[%mdl 512]} Nxc8 49. b7 $18) 48. Ke1 f2+ 49. Ke2 Rd2+ 50. Ke3 Nd6 51. Rc1 Rxb2 {[%cal Ob2c2]} 52. Nc7 {[#]} Nc4+ $1 {[%mdl 512]} 53. Kd3 Nxb6 54. Rd1 Nd7 $2 (54... Kg8 $19 55. Kc3 Na4+ 56. Kd3 h6 57. gxh6 Rb3+ 58. Kd4 Rf3) 55. Kc3 (55. Ke3 $1 $11) 55... f1=Q $1 $17 56. Rxf1 {[#] Threatening mate with Re1.} Rb6 $1 {Threatens to win with ...Rc6+.} 57. Nd5 Rd6 (57... Rc6+ $17 58. Kb2 Ke8) 58. Ne7 $11 Nc5 {Hoping for ...Ne4+.} 59. h4 b5 60. Rf5 Ne4+ 61. Kc2 Rb6 ({Don't do} 61... Rd2+ 62. Kc1 $14) 62. Rd5 {[%cal Rd5d8]} Ke8 {[#] Inhibits Rd8+.} (62... Rd6 $1 $11) 63. Nf5 $1 {Quite a comeback for White.  Weighted Error Value: White=0.45/Black=0.38} 1-0

[Event "BAN-chT Golden Jubilee 2021-22"]
[Site "Dhaka"]
[Date "2022.03.11"]
[Round "2.17"]
[White "Islam, Khandaker Aminul"]
[Black "Mohammed Abdul, Malek"]
[Result "1-0"]
[WhiteElo "2153"]
[BlackElo "2148"]
[Annotator "TA"]
[PlyCount "47"]
[EventDate "2022.03.10"]
[EventType "team-tourn"]
[EventCountry "BAN"]
[SourceTitle "playchess.com"]
[Source "ChessBase"]
[SourceQuality "1"]

{[%evp 21,47,73,73,63,55,75,77,69,62,68,62,21,29,5,97,91,279,276,453,455,441,448,429,422,29976,29977,29970,5513]} 1. Nf3 d5 2. g3 Nf6 3. Bg2 c5 4. O-O Nc6 5. d4 e6 6. c4 cxd4 7. Nxd4 Be7 8. Nc3 O-O 9. cxd5 exd5 10. Bf4 Qb6 11. Be3 Qxb2 12. Nxd5 {D34: Tarrasch Defence: 6 g3 Nf6 7 Bg2 Be7.} Nxd5 13. Bxd5 Bh3 14. Rb1 {[%cal Ba1b1,Bb1b7,Bb7d7][%mdl 32] White is better.} (14. Nxc6 bxc6 15. Bg2 Bxg2 16. Kxg2 Rad8 $11) 14... Qa3 15. Rxb7 Nxd4 {[#]} 16. Bxd4 $146 (16. Qxd4 $14 Bxf1 17. Kxf1) ({Predecessor:} 16. Qxd4 Bxf1 17. Kxf1 Rad8 18. Qe4 a5 19. Bb6 Rde8 20. Kg2 Qb4 21. Bd4 Qd6 22. Qf5 {1-0 (31) Icy45 (2445)-Intuitivestra (2326) Playchess.com INT 2008}) 16... Bxf1 $11 17. Qxf1 Rac8 {[#]} (17... Rad8 $11 {remains equal.} 18. e4 (18. Rxa7 Qb4 $11) 18... Bc5 19. Bxc5 Qxc5) 18. Qh3 $1 $16 {[%cal Od5f7][%mdl 1024] Strongly threatening Bxf7+! White has strong compensation. White is more active.} ({But not} 18. Rxa7 Qb4 19. e3 Qd2 $14) 18... Rc1+ $2 {Loses the game.} (18... Rcd8 $16 19. Qf5 Qd6) 19. Kg2 $18 {Be4 is the strong threat. The board is on fire.} Qd6 $2 (19... Rd1 {was called for.}) 20. Rd7 Qb4 {[#]} 21. Qh5 $1 {Threatens to win with Be4.} Rd1 22. e3 Rc1 (22... Rxd4 $18 23. exd4 Qe1 24. Rxa7 g6) 23. Be4 {[%csl Ge4][%cal Rh5h7] A strong pair of Bishops.} f5 24. Bxf5 {Weighted Error Value: White=0.03 (flawless) /Black=0.70} 1-0

[Event "BAN-chT Golden Jubilee 2021-22"]
[Site "Dhaka"]
[Date "2022.03.11"]
[Round "2.18"]
[White "Mohammad Nubairshah Shaikh"]
[Black "Mohammad Minhaz Uddin"]
[Result "1-0"]
[WhiteElo "2436"]
[BlackElo "2267"]
[Annotator "TA"]
[PlyCount "63"]
[EventDate "2022.03.10"]
[EventType "team-tourn"]
[EventCountry "BAN"]
[SourceTitle "playchess.com"]
[Source "ChessBase"]
[SourceQuality "1"]

{[%evp 10,63,29,26,34,12,32,20,96,85,158,137,231,235,313,306,308,302,343,349,347,313,320,314,523,510,508,372,415,300,490,456,492,469,825,729,812,886,853,809,889,895,926,896,871,769,759,750,1158,1158,1142,1136,29989,29982,29992,29980]} 1. Nf3 Nf6 2. c4 e6 3. g3 b6 4. Bg2 Bb7 5. O-O d5 6. cxd5 exd5 {A13: English Opening: 1...e6.} 7. d4 Bd6 8. Nc3 {[%cal Bb1c3,Bc3e4,Be4d6][%mdl 32]} a6 (8... O-O $11 {remains equal.}) 9. Nh4 {aiming for Bg5.} O-O {[#]} (9... g6 $142) 10. Bg5 $1 $16 {[%cal Oc3d5]} c6 {[#]} (10... Be7 $16) 11. e4 $1 $18 dxe4 12. Nxe4 Be7 13. Nf5 {Strongly threatening Re1.} Nbd7 {[#]} 14. Nxe7+ $146 ({Predecessor:} 14. Rc1 h6 15. Bh4 Kh8 16. Re1 Bb4 17. Bxf6 Nxf6 18. Nc3 Qd7 19. Qd3 Rfe8 20. a3 {1-0 (47) Rasic,G (2214)-Djokovic,N (2097) Serbia 2011}) 14... Qxe7 15. Re1 {Nxf6+ is the strong threat.} Qd8 16. Nd6 Qc7 (16... Ra7 17. Nxb7 Rxb7 18. Bxc6 Rc7) 17. Bf4 {[%cal Bg5f4,Bf4c7,Bc7b6,Bb6a5][%mdl 32]} g5 {[#]} 18. Ne8 $1 {[%mdl 512]} Qd8 (18... Qc8 19. Nxf6+) 19. Bc7 {A strong pair of Bishops.} Qxe8 (19... Qc8) 20. Rxe8 Nxe8 21. Bxb6 f6 (21... Nxb6 $142 22. Qb3 Ng7 23. Qxb6 Rab8 24. Bxc6 Bxc6 25. Qxc6 Rxb2 26. Qxa6 Rfb8) 22. Qb3+ Rf7 23. Re1 {Threatens to win with Re7.} Kg7 24. Ba5 Nf8 25. h4 Rb8 26. hxg5 fxg5 27. Re5 h6 28. d5 c5 29. Qe3 Nf6 30. Re7 {Hoping for Bc3.} N6d7 31. Bf3 Kg8 32. Bc3 {Black did not feel at home in the position after the opening.  Weighted Error Value: White=0.20 (precise) /Black=0.96} 1-0

[Event "BAN-chT Golden Jubilee 2021-22"]
[Site "Dhaka"]
[Date "2022.03.11"]
[Round "2.19"]
[White "Ahmed, Sheikh Nasir"]
[Black "Ghosh, Chanchal Kumer"]
[Result "1-0"]
[WhiteElo "2168"]
[BlackElo "2074"]
[Annotator "TA"]
[PlyCount "48"]
[EventDate "2022.03.10"]
[EventType "team-tourn"]
[EventCountry "BAN"]
[SourceTitle "playchess.com"]
[Source "ChessBase"]
[SourceQuality "1"]

{[%evp 9,48,46,50,48,141,148,152,142,152,95,129,134,130,139,126,108,516,373,415,407,391,356,489,425,389,330,629,388,874,858,2046,175,1195,1198,29990,29989,29989,29990,29990,29991,29993]} 1. e4 d5 2. exd5 Qxd5 3. Nc3 Qd6 4. d4 c6 5. g3 Bf5 6. Bg2 {[#] B01: Scandinavian Defence.} e5 $146 (6... e6 $14) ({Predecessor:} 6... e6 7. Nf3 Nf6 8. O-O Qc7 9. Ne5 Nbd7 10. Nc4 Nb6 11. Bf4 Qd8 12. Ne3 Bg6 {½-½ (85) Chandra,A (2510)-Niemann,H (2278) Linthicum 2016}) 7. Nf3 $16 Nd7 8. Qe2 {[%cal Rd4e5] White is clearly better.} Bg4 9. Be3 (9. dxe5 Bxf3 10. Qxf3 (10. exd6+ Bxe2 11. Nxe2 Bxd6 $14) (10. Bxf3 Qxe5 11. Ne4 Ngf6 $16) 10... Qxe5+ 11. Be3 Ngf6) ({White should try} 9. O-O) 9... O-O-O 10. O-O-O Qe6 11. d5 {White is more active.} cxd5 {[#] Threatens to win with ...e4.} 12. Nxd5 {Qc4+ is the strong threat.} Kb8 $2 {[%mdl 8192] Black cannot hold the game after this.} (12... Ngf6 $16 {is a better chance.} 13. Nxf6 gxf6) 13. h3 Bh5 14. g4 ({Not} 14. Qc4 Qc6 15. Nxe5 Qxc4 16. Nxc4 Bxd1 $18) 14... Bg6 15. Ng5 ({Less strong is} 15. Qc4 Bc5 $16) 15... Qe8 16. Qf3 ({Weaker is} 16. Qc4 Rc8 17. Qa4 Rxc2+ 18. Qxc2 Bxc2 19. Kxc2 f5 20. gxf5 Nh6 $17) 16... Rc8 17. Rd2 {[%cal Od5f6] And now Nf6! would win.} Nc5 $2 (17... Rc6 18. Rhd1 Qc8) 18. Rhd1 Be7 $2 (18... Qc6 19. Nxf7 Bxf7) 19. Nxe7 $18 Qxe7 20. c3 $2 $40 {[%mdl 128] White is out for blood.} (20. Bxc5 {White threatens Rd7 and mate.} Rc6 21. Bxe7 Nxe7 22. Nxf7) 20... Nh6 $2 {[#]} (20... Nf6) 21. Rd7 $1 {[%mdl 512]} Nb3+ (21... Be4 22. Rxe7) 22. axb3 {[%csl Gd7,Gg2][%cal Rf3b7] White mates.} Rxc3+ 23. bxc3 {[%csl Gd7,Gg2][%cal Rf3b7]} Qa3+ 24. Kd2 {[%csl Gd7,Gg2][%cal Rf3b7]} e4 {Weighted Error Value: White=0.97/Black=0.87} 1-0